00913nam a22001697a 4500003000900000008004100009040007100050082001800121100002400139245009300163260004900256300002600305505035800331650001700689650002400706650001300730AR-CdUCM190226b ||||| |||| 00| 0 spa d aMUNICIPALIDAD PROVINCIAL DEL CUSCOcBIBLIOTECA MUNICIPAL DEL CUSCO a301.09 /bS68 aSorokin, Pitirim A. aLas filosofías sociales de nuestra época de crisis :bEl hombre frente a la crisis / aMadrid :bAguilar, S.A. de ediciones;c1966. a416 paginas ;c21 cm. aConsideraciones del hombre sobre su destino en las épocas de crisis -- Interpretaciones estéticas de la historia -- Bases de criticismo: sistemas culturales, supe- sistemas y agrupaciones -- Investigación critica de las teorías de Danilvsky, Spengler y Toynbee -- Cuestiones en que están de acuerdo las modernas filosofías de la sociedad ... aSociología aEscuelas y colegios aHistoria